Gemeinden Landkreis Neustadt an der Waldnaab - Statistiken

Allgemein
  • Dieses Quiz wurde 62 mal gespielt
  • Das Durchschnittsergebnis liegt bei 16 aus 38
Antwortstatistiken
Einwohner Gemeindeart Gemeinde % Korrekt
5.685 Stadt Neustadt an der Waldnaab
88%
4.795 Gemeinde Altenstadt an der Waldnaab
84%
7.407 Stadt Vohenstrauß
84%
6.383 Stadt Grafenwöhr
80%
4.975 Stadt Windischeschenbach
80%
4.271 Stadt Pressath
76%
4.189 Stadt Eschenbach in der Oberpfalz
72%
3.408 Markt Floß
72%
1.485 Gemeinde Flossenbürg
64%
2.337 Stadt Pleystein
60%
2.354 Markt Moosbach
48%
2.180 Markt Waidhaus
48%
3.831 Gemeinde Weiherhammer
48%
2.686 Markt Eslarn
44%
3.397 Markt Luhe-Wildenau
44%
858 Gemeinde Kirchendemenreuth
40%
3.231 Markt Kirchenthumbach
40%
1.916 Markt Waldthurn
40%
1.519 Gemeinde Irchenrieth
36%
1.113 Stadt Neustadt am Kulm
36%
1.152 Gemeinde Schwarzenbach
36%
1.510 Gemeinde Störnstein
36%
1.089 Gemeinde Bechtsrieth
32%
2.318 Markt Parkstein
32%
1.127 Markt Leuchtenberg
28%
2.730 Markt Mantel
28%
1.878 Gemeinde Pirk
28%
1.483 Markt Tännesberg
28%
1.318 Gemeinde Georgenberg
24%
1.980 Gemeinde Schirmitz
24%
862 Gemeinde Schlammersdorf
24%
1.101 Gemeinde Speinshart
24%
1.302 Gemeinde Trabitz
24%
998 Gemeinde Vorbach
24%
1.555 Gemeinde Etzenricht
20%
1.199 Markt Kohlberg
20%
1.640 Gemeinde Püchersreuth
20%
1.188 Gemeinde Theisseil
12%
Keine übereinstimmenden Quizze gefunden
Verteilung der Resultate
Anzahl Personen mit jedem Resultat
Perzentil nach korrekt beantworteten Fragen
Ihre Resultats-Entwicklung
Sie haben dieses Quiz noch nicht gespielt